000 00499nam a2200181Ia 4500
001 7972
005 20260306160534.0
008 260306t2016||||xx |||||||||||||| ||spa||
041 _aESP
082 _a364.3
_bF41
100 _aFernández Hoyos, Damián Riquelme
_eAUT
245 0 _aManual de psicología forense:
_bel arte del peritaje psicológico. Enfoque criminalístico
260 _c2016
300 _a246 páginas :
_c24 cm.
650 _aGEN
654 _aCPS
942 _cLIB
_dJUS
_fJUS
_2ddc
_n
999 _c7972
_d7972